[Event "Campo Grande op"]
[Site "Campo Grande"]
[Date "2019.03.30"]
[Round "2"]
[White "Jabour, Rodrigo Vila"]
[Black "Souza dos Santos, Matheus Garcett"]
[Result "0-1"]
[WhiteElo "1642"]
[BlackElo "1885"]
[PlyCount "72"]
[EventDate "2019.03.29"]
[EventType "swiss"]
[EventRounds "5"]
[EventCountry "BRA"]
[SourceTitle "CBM 190 Extra"]
[Source "ChessBase"]
[SourceDate "2019.07.15"]
[SourceVersion "1"]
[SourceVersionDate "2019.07.15"]
[SourceQuality "1"]

1. e4 c5 2. Nf3 d6 3. c3 Nf6 4. d4 Nxe4 5. dxc5 Nxc5 6. b4 Ne4 7. Bd3 Nf6 8. 0-0 a6 9. Re1 Bg4 10. Bg5 e6 11. h3 Bh5 12. g4 Bg6 13. Qa4+ Nbd7 14. Qc2 Be7 15. Nbd2 Rc8 16. Bxg6 hxg6 17. Nh4 e5 18. Qd3 Nh7 19. Bxe7 Qxe7 20. Nxg6 fxg6 21. Qxg6+ Kd8 22. Qd3 Ng5 23. Re3 Ne6 24. Qf1 Nf4 25. Rg3 Qh4 26. Nf3 Qh6 27. Rc1 Nxh3+ 28. Rxh3 Qxh3 29. Qxh3 Rxh3 30. Kg2 Rh8 31. Ng5 Ke7 32. f3 Nf6 33. a4 Rc4 34. a5 Nxg4 35. fxg4 Rxg4+ 36. Kf3 Rxg5 0-1

[Event "Corumba Rodrigues de Souza Memorial 1st"]
[Site "Corumba"]
[Date "2017.12.02"]
[Round "3.3"]
[White "Souza dos Santos, Matheus Garcett"]
[Black "Jabour, Rodrigo Vila"]
[Result "1-0"]
[WhiteElo "1920"]
[BlackElo "1689"]
[PlyCount "91"]
[EventDate "2017.12.01"]
[EventType "tourn"]
[EventRounds "5"]
[EventCountry "BRA"]
[SourceTitle "EXT 2022"]
[Source "ChessBase"]
[SourceDate "2021.10.06"]
[SourceVersion "1"]
[SourceVersionDate "2021.10.06"]
[SourceQuality "1"]

1. e4 e6 2. d3 h6 3. g3 d5 4. Nd2 c6 5. Bg2 Bc5 6. Ngf3 Nf6 7. e5 Ng4 8. d4 Nxf2 9. Kxf2 Bb6 10. Rf1 c5 11. c3 Nc6 12. Nb3 cxd4 13. cxd4 Qe7 14. a3 a5 15. Be3 a4 16. Nc5 Bxc5 17. dxc5 0-0 18. Kg1 Bd7 19. Qd2 Na5 20. Nd4 Nc4 21. Qe2 Nxe3 22. Qxe3 Qxc5 23. Rac1 Qa5 24. Qc3 Qxc3 25. Rxc3 Rac8 26. Rfc1 b5 27. Rxc8 Bxc8 28. Nxb5 Ba6 29. Nd6 Rb8 30. Rc6 Bd3 31. Rc8+ Rxc8 32. Nxc8 Kh7 33. Bf1 Bc2 34. Kf2 f6 35. exf6 gxf6 36. Ke3 e5 37. Bd3+ Bxd3 38. Kxd3 d4 39. Nb6 Kg6 40. Nxa4 Kf5 41. Nc5 Kg4 42. a4 Kh3 43. a5 f5 44. a6 Kxh2 45. a7 Kxg3 46. a8Q 1-0

[Event "Campo Grande Brasil op"]
[Site "Campo Grande"]
[Date "2015.10.11"]
[Round "4"]
[White "Jabour, Rodrigo Vila"]
[Black "Yamashita Toma Gundim, Rafael Toshio"]
[Result "1-0"]
[WhiteElo "1800"]
[BlackElo "1800"]
[PlyCount "55"]
[EventDate "2015.10.09"]
[EventType "swiss"]
[EventRounds "7"]
[EventCountry "BRA"]
[SourceTitle "CBM 168 Extra"]
[Source "ChessBase"]
[SourceDate "2015.10.29"]
[SourceVersion "1"]
[SourceVersionDate "2015.10.29"]
[SourceQuality "1"]

1. e4 e5 2. Nf3 Nc6 3. a3 g6 4. d4 Nxd4 5. Nxd4 exd4 6. Qxd4 Nf6 7. Bg5 Bg7 8. e5 Qe7 9. Be2 Nd5 10. Bxe7 Nxe7 11. f4 Nf5 12. Qf2 0-0 13. Nc3 d6 14. g4 Ne7 15. exd6 cxd6 16. Qg3 Bxc3+ 17. Qxc3 Bxg4 18. Bxg4 Nd5 19. Qd2 Rae8+ 20. Be2 Nf6 21. 0-0-0 d5 22. Bf3 Rd8 23. Qc3 Rc8 24. Qxf6 Rc7 25. Bxd5 Rfc8 26. c3 Rc5 27. Qxf7+ Kh8 28. Qf6# 1-0